| 000 | nam a22 7a 4500 | ||
|---|---|---|---|
| 999 |
_c129466 _d129466 |
||
| 008 | 190425b xxu||||| |||| 00| 0 eng d | ||
| 050 | _aPE1408.D57 | ||
| 100 |
_aDiPippo, Albert E. _945998 |
||
| 245 |
_aRhetoric _cAlbert E. DiPippo |
||
| 260 |
_aNew York _bGlencore Press _c1971 |
||
| 300 |
_axii, 323p. ; _c24cm. |
||
| 650 |
_aEnglish language _xRhetoric _915935 |
||
| 942 |
_2lcc _cMONOGRAPH |
||